00814nam a2200265Ia 4500001000600000003000900006008004100015040001300056040001300069041001300082100001700095100002900112245001200141245001200153250001100165260001300176260002200189260004900211300004100260500013900301650002800440650003100468700002100499700002800520 1315IT-RoPAU130308s9999 xx 000 0 und d aIT-RoPAU cIT-RoPAU aFRANCESE aSima Lukombo gCodice Aut. SPICS: 1250 aBakanja bBakanja a1a ed. aKINSHASA bEditions Paulines c1980 [1° Ed.:1980 - Ed.Ling.Originale:1980] a"48 p. (prefazione: no ; testo: 48)" aFumetto Sulla Vita del martire Zairese Bakanja Isidore testo sceneggiato da Sima Lukombo Disegni di Lepa Mabila Saye Fumetto Africano aAUTORI/OPERE DI FUMETTO eCodice materia Spics: 6707 aLepa Mabila Saye gCodice Aut. SPICS: 4690